000 00511cam a2200181 4500
001 D927
008 090401t1983 xxu||||| |||| 00| 0 eng d
035 _a(Sirsi) u97164
041 _aeng
050 _a333.332
110 _aAmerican Institute of Real Estate Appraisers
_93093
245 _aReadings in the appraisal of special purpose properties
260 _aChicago, Illinois
_bAmerican Institute of Real Estate Apprai
_c1983
300 _a285p. 25cm
350 _a9
942 _n0
948 _c04/03/1997
999 _c98795
_d98795